书目信息 |
| 题名: |
绝美古诗词中的美人绝恋
|
|
| 作者: | 万俟兰 著 | |
| 分册: | ||
| 出版信息: | 成都 天地出版社 2016 |
|
| 页数: | 271页 | |
| 开本: | 22cm | |
| 丛书名: | ||
| 单 册: | ||
| 中图分类: | I207.2 | |
| 科图分类: | ||
| 主题词: | 古典诗歌--诗歌欣赏--中国 | |
| 电子资源: | ||
| ISBN: | 978-7-5455-2203-7 | |
| 000 | 00892nam0 2200229 450 | |
| 001 | 012001004030 | |
| 005 | 20140928162348.0 | |
| 010 | @a978-7-5455-2203-7@dCNY38.00 | |
| 100 | @a20161026d2016 em y0chiy50 ea | |
| 101 | 0 | @achi |
| 102 | @aCN@b510000 | |
| 105 | @ay z 000yy | |
| 106 | @ar | |
| 200 | 1 | @a绝美古诗词中的美人绝恋@9jue mei gu shi ci zhong de mei ren jue lian@f万俟兰著 |
| 210 | @a成都@c天地出版社@d2016 | |
| 215 | @a271页@d22cm | |
| 330 | @a本书是一部借由中国古诗词讲述古代美人爱情的作品。本书共分为四辑,分别以侯门、才情、风尘、寻常家为线索,精心选取30位最具代表性的古代女子作为行文主轴,书写这些古代风华女子的爱情往事和悲欢离合。她们或有美貌,或有才情,或卷入权力争斗、家仇国恨,或是情深缘浅。 | |
| 606 | 0 | @a古典诗歌@x诗歌欣赏@y中国 |
| 690 | @aI207.2@v5 | |
| 701 | 0 | @a万俟兰@9wan qi lan@4著 |
| 801 | 0 | @aCN@b上海新华@c20180901 |
| 905 | @b1170115-9@dI207.2@e1140@f5 | |
| 绝美古诗词中的美人绝恋/万俟兰著.-成都:天地出版社,2016 |
| 271页;22cm |
| ISBN 978-7-5455-2203-7:CNY38.00 |
| 本书是一部借由中国古诗词讲述古代美人爱情的作品。本书共分为四辑,分别以侯门、才情、风尘、寻常家为线索,精心选取30位最具代表性的古代女子作为行文主轴,书写这些古代风华女子的爱情往事和悲欢离合。她们或有美貌,或有才情,或卷入权力争斗、家仇国恨,或是情深缘浅。 |
| ● |
| 相关链接 |
|
|
|
|
正题名:绝美古诗词中的美人绝恋
索取号:I207.2/1140
 
预约/预借
| 序号 | 登录号 | 条形码 | 馆藏地/架位号 | 状态 | 备注 |
| 1 | 1170115 | 211701158 | 第一样本阅览室/ [索取号:I207.2/1140] | 在馆 | |
| 2 | 1170116 | 211701167 | 密集书库-文学院/ [索取号:I207.2/1140] | 在馆 | |
| 3 | 1170117 | 211701176 | 第二借阅区/ [索取号:I207.2/1140] | 在馆 | |
| 4 | 1170118 | 211701185 | 第二借阅区/ [索取号:I207.2/1140] | 在馆 | |
| 5 | 1170119 | 211701194 | 第二借阅区/ [索取号:I207.2/1140] | 在馆 |